00366nam a2200145Ia 4500008004100000041000800041082001600049100002000065245003900085260002600124300002400150365001600174500001000190700002000200230718s9999 xx 000 0 und d aeng a005.43bMIC aMicrosoft Press aOLE 2 Programmers Reference Vol II c1993bMicrosoft Press a355dRef 170 (5496) cRs.b767.25 a170 C aMicrosoft Press